MARC details
| 000 -LEADER |
| fixed length control field |
01396cam a22003494a 4500 |
| 001 - CONTROL NUMBER |
| control field |
bwi09362715 |
| 003 - CONTROL NUMBER IDENTIFIER |
| control field |
KyLxBWI |
| 005 - DATE AND TIME OF LATEST TRANSACTION |
| control field |
20200113150039.0 |
| 008 - FIXED-LENGTH DATA ELEMENTS--GENERAL INFORMATION |
| fixed length control field |
040706s2005 mnua j 001 0 spa |
| 010 ## - LIBRARY OF CONGRESS CONTROL NUMBER |
| LC control number |
2004052990 |
| 020 ## - INTERNATIONAL STANDARD BOOK NUMBER |
| International Standard Book Number |
0736841792 |
| 020 ## - INTERNATIONAL STANDARD BOOK NUMBER |
| International Standard Book Number |
9780736841795 |
| 040 ## - CATALOGING SOURCE |
| Original cataloging agency |
DLC |
| Transcribing agency |
DLC |
| Modifying agency |
DLC |
| -- |
ICrlF |
| -- |
KyLxBWI |
| 041 1# - LANGUAGE CODE |
| Language code of text/sound track or separate title |
spa |
| Language code of original |
eng |
| 042 ## - AUTHENTICATION CODE |
| Authentication code |
pcc |
| 092 ## - LOCALLY ASSIGNED DEWEY CALL NUMBER (OCLC) |
| Filing suffix |
JSP |
| Classification number |
624 |
| Item number |
Bauer |
| 100 1# - MAIN ENTRY--PERSONAL NAME |
| Personal name |
Bauer, David, |
| Dates associated with a name |
1963- |
| 245 13 - TITLE STATEMENT |
| Title |
La gente cambia la tierra / |
| Statement of responsibility, etc. |
por David Bauer ; [adapted translations, Gloria Ramos]. |
| 260 ## - PUBLICATION, DISTRIBUTION, ETC. (IMPRINT) |
| Place of publication, distribution, etc. |
Mankato, Minn. : |
| Name of publisher, distributor, etc. |
Yellow Umbrella Books, |
| Date of publication, distribution, etc. |
c2005. |
| 300 ## - PHYSICAL DESCRIPTION |
| Extent |
17 p. : |
| Other physical details |
col. ill. ; |
| Dimensions |
21 cm. |
| 490 1# - SERIES STATEMENT |
| Series statement |
Yellow umbrella books for early readers. |
| 500 ## - GENERAL NOTE |
| General note |
Includes index. |
| 500 ## - GENERAL NOTE |
| General note |
Translation of: People change the land. |
| 520 ## - SUMMARY, ETC. |
| Summary, etc. |
Describe como la gente cambia el paisaje cuando cultivan la tierra o construyen pueblos y ciudades. |
| 520 ## - SUMMARY, ETC. |
| Summary, etc. |
Presents a children's book that describes the many ways that people have changed the landscape such as when farmers cultivate the land, when cities and towns are built, as well as bridges, tunnels, and dams. |
| 546 ## - LANGUAGE NOTE |
| Language note |
Text in Spanish. |
| 650 #1 - SUBJECT ADDED ENTRY--TOPICAL TERM |
| Topical term or geographic name as entry element |
Civil engineering. |
| 650 #1 - SUBJECT ADDED ENTRY--TOPICAL TERM |
| Topical term or geographic name as entry element |
Land use. |
| 700 1# - ADDED ENTRY--PERSONAL NAME |
| Personal name |
Bauer, David, |
| Dates associated with a name |
1963- |
| Title of a work |
People change the land. |
| Language of a work |
Spanish. |
| 830 #0 - SERIES ADDED ENTRY--UNIFORM TITLE |
| Uniform title |
Yellow umbrella books for early readers. |
| Name of part/section of a work |
Social studies. |
| Language of a work |
Spanish. |
| 942 ## - ADDED ENTRY ELEMENTS (KOHA) |
| Source of classification or shelving scheme |
Dewey Decimal Classification |
| Koha item type |
Libro/Book |